5 perguntas em 1 min! - Statistics

Estatísticas Gerais
  • Esse quiz foi jogado 207 vezes
  • A pontuação média é 2 de 5
Estatísticas das Respostas
Questão Resposta % Correto
primavera começa em: setembro
90%
clique no jubileu (👨) 👨
70%
quem descobriu o brasil (piada) pelé
40%
se alguém em movimento joga uma bola para cima, onde ela cai? na mão dela
30%
toque no melão água
10%
Nenhum quiz correspondente encontrado
Distribuição das Pontuações
Porcentagem de Pessoas com Cada Pontuação
Percentil de Números Respondidos
Sua Pontuação Histórica
Você não jogou esse quiz